Music Quiz

Random Music or Bands Quiz

Metal Bands Starting With 'D' Quiz Stats

 Plays Quiz not verified by Sporcle

Challenge
Share
Tweet
Embed
Score 0/14 Timer 06:00
0 Plays Today
Genre Band % Correct
Progressive Death MetalDeath
77.6%
Progressive MetalDream Theater
64.9%
Power MetalDragonforce
59.7%
Symphonic Black MetalDimmu Borgir
59.7%
Death MetalDeicide
51.5%
Black MetalDarkthrone
48.5%
Thrash MetalDestruction
38.1%
Genre Band % Correct
Thrash MetalDark Angel
34.3%
Melodic Death MetalDark Tranquility
32.8%
Groove Metal/MetalcoreDevilDriver
28.4%
Atmospheric Black MetalDrudkh
12.7%
Death Metal/MetalcoreDespised Icon
9.7%
Folk/Death MetalDie Apokalyptischen Reiter
9.7%
Symphonic Power MetalDark Moor
8.2%

You're not logged in!

Compare scores with friends on all Sporcle quizzes.
Join for Free
OR
Log In

You Might Also Like...

Show Comments

Extras

Top Quizzes Today


Score Distribution

Your Account Isn't Verified!

In order to create a playlist on Sporcle, you need to verify the email address you used during registration. Go to your Sporcle Settings to finish the process.

Report this User

Report this user for behavior that violates our Community Guidelines.

Details: